History Quiz

Random History or War Quiz

Military Ranks (US) Quiz Stats

 Plays Quiz Updated Nov 9, 2012

Support Sporcle.
Go Orange.
Score 0/106 Timer 12:00
1 Play Today
Rank % Correct
Private
92.8%
Private
92.3%
General
91.6%
General
91.6%
General
91.6%
Captain
83.6%
Captain
83.6%
Captain
83.6%
Captain
83.6%
Lieutenant
82.8%
Senior Airman or Sergeant
81.1%
Sergeant
80.6%
Sergeant
80.5%
Corporal
77.8%
Corporal
77.8%
Major
77.5%
Major
77.5%
Major
77.5%
Colonel
76.6%
Colonel
76.6%
Colonel
76.6%
Admiral
75%
Private First Class
70.1%
Private First Class
70.1%
Commander
62.2%
Major General
59.3%
Major General
59.3%
Major General
59.3%
Lieutenant Colonel
58.7%
Lieutenant Colonel
58.7%
Lieutenant Colonel
58.7%
Airman
58.5%
Seaman
57.8%
Second Lieutenant
56.5%
Second Lieutenant
56.5%
Second Lieutenant
56.5%
Rank % Correct
First Lieutenant
55.9%
First Lieutenant
55.9%
First Lieutenant
55.9%
Brigadier General
54.7%
Brigadier General
54.7%
Brigadier General
54.7%
Lieutenant General
53.6%
Lieutenant General
53.6%
Lieutenant General
53.6%
Staff Sergeant
52.4%
Staff Sergeant
52.4%
Staff Sergeant
52.4%
Sergeant Major
50.7%
Sergeant Major
50.6%
Master Sergeant
48.4%
Master Sergeant
48.4%
Master Sergeant
48.4%
First Sergeant
48.3%
Ensign
47.8%
Lance Corporal
47.8%
Gunnery Sergeant
46.3%
Warrant Officer
44.6%
Warrant Officer
44.6%
Warrant Officer
44.6%
* General of the Army
44.3%
Chief Petty Officer
43.8%
Specialist
42.4%
First Sergeant
40.1%
First Sergeant
40.1%
Vice Admiral
37.9%
Lieutenant Commander
37%
* Fleet Admiral
36.3%
Sergeant First Class
36.3%
Chief Master Sergeant
36.1%
* General of the Air Force
36.1%
Rear Admiral Lower Half
35.5%
Rank % Correct
Chief Warrant Officer 2
33.2%
Chief Warrant Officer 3
32.8%
Chief Warrant Officer 4
32.5%
Private 2nd Class
32%
Chief Warrant Officer 5
31.7%
Airman First Class
31.5%
Rear Admiral Upper Half
31%
Petty Officer 1st Class
30.9%
Chief Warrant Officer 3
30.4%
Chief Warrant Officer 3
30.3%
Chief Warrant Officer 2
30.3%
Chief Warrant Officer 2
30.2%
Petty Officer 2nd Class
30.2%
Chief Warrant Officer 4
30.2%
Chief Warrant Officer 4
30.1%
Chief Warrant Officer 5
29.6%
Chief Warrant Officer 5
29.6%
Petty Officer 3rd Class
29.1%
Seaman Recruit
28.6%
Sergeant Major of the Army
28.3%
Lieutenant Junior Grade
28%
Fleet/Command Master Chief Petty Officer
27.9%
Master Chief Petty Officer
27.5%
Technical Sergeant
26.8%
Master Gunnery Sergeant
26.1%
Seaman Apprentice
26.1%
Airman Basic
25.5%
Command Sergeant Major
24.8%
Sergeant Major of the Marine Corps
24.1%
Senior Chief Petty Officer
23.7%
Master Chief Petty Officer of the Navy
20.6%
Senior Master Sergeant
19.6%
Chief Master Sergeant of the Air Force
18.7%
Command Chief Master Sergeant
16.1%

You're not logged in!

Compare scores with friends on all Sporcle quizzes.
OR
Log In
Forgot?

From the Vault

Marvel: Most Published Characters 1-100

by Sepa

Well, now we know which Marvel characters sit at the popular table at lunch time.
Remove Ads.
Support Sporcle.
Get the best of Sporcle when you Go Orange. This ad-free experience offers more features, more stats, and more fun while also helping to support Sporcle. Thank you for becoming a member.

Show Comments

Extras

Top Quizzes Today


Score Distribution

Your Account Isn't Verified!

In order to create a playlist on Sporcle, you need to verify the email address you used during registration. Go to your Sporcle Settings to finish the process.

Report this User

Report this user for behavior that violates our Community Guidelines.

Details: